| 000 | 01023cam a2200313 a 4500 | ||
|---|---|---|---|
| 001 | 57667 | ||
| 003 | CO-BoRNBP | ||
| 005 | 20250718162043.0 | ||
| 007 | ta | ||
| 008 | 901129s1988 ck a r 00010 spa d | ||
| 040 |
_ala _cla |
||
| 041 | 0 | _aspa | |
| 082 | 0 | 4 |
_a658.404 _bH31o _219 ed. |
| 100 | 1 |
_aHearn, Lydia A. _961245 |
|
| 245 | 1 | 0 |
_aOrganicemos un proyecto para la comunidad / _cpor Lydia A. Hearn ; diseño gráfico Lilly Estrada S., Nieves Mejía M. |
| 250 |
_a2a. ed. / _beditor Gloria Carvalho. |
||
| 300 |
_a28 p. : _bil. ; _c24 cm. |
||
| 336 |
_2rdacontent _atexto _btxt |
||
| 337 |
_2rdamedia _asin mediación _bn |
||
| 338 |
_2rdacarrier _avolumen _bnc |
||
| 650 | 7 |
_aInvestigación social. _2BLAAUTO |
|
| 650 | 7 |
_aProyectos de desarrollo _x Metodología. _2BLAAUTO _961246 |
|
| 650 | 7 |
_aOrganización de la comunidad. _2BLAAUTO |
|
| 700 | 1 |
_aEstrada S., Lilly. _961247 |
|
| 700 | 1 |
_aMejía M., Nieves. _961248 |
|
| 700 | 1 |
_aCarvalho, Gloria E., _eed. _961249 |
|
| 942 |
_2ddc _cBK |
||
| 949 |
_ac _bn |
||
| 999 |
_c57667 _d57667 |
||